Rubber technology and manufacture (Record no. 36863)

MARC details
000 -LEADER
fixed length control field 01252nam a2200481Ia 4500
082 ## - DEWEY DECIMAL CLASSIFICATION NUMBER
Classification number NR:62:678.02
Item number BLO;1
245 #0 - TITLE STATEMENT
Title Rubber technology and manufacture
250 ## - EDITION STATEMENT
Edition statement Ed.2
260 ## - PUBLICATION, DISTRIBUTION, ETC. (IMPRINT)
Place of publication London
Name of publisher Butterworth
Year of publication 1982
650 ## - SUBJECT ADDED ENTRY--TOPICAL TERM
Topical Term Additives
650 ## - SUBJECT ADDED ENTRY--TOPICAL TERM
Topical Term Antioxidants
650 ## - SUBJECT ADDED ENTRY--TOPICAL TERM
Topical Term Antiozonants
650 ## - SUBJECT ADDED ENTRY--TOPICAL TERM
Topical Term Belting
650 ## - SUBJECT ADDED ENTRY--TOPICAL TERM
Topical Term Butyl
650 ## - SUBJECT ADDED ENTRY--TOPICAL TERM
Topical Term Cables
650 ## - SUBJECT ADDED ENTRY--TOPICAL TERM
Topical Term Calendering
650 ## - SUBJECT ADDED ENTRY--TOPICAL TERM
Topical Term Carbonblack
650 ## - SUBJECT ADDED ENTRY--TOPICAL TERM
Topical Term Compounding
650 ## - SUBJECT ADDED ENTRY--TOPICAL TERM
Topical Term Footwear
650 ## - SUBJECT ADDED ENTRY--TOPICAL TERM
Topical Term Hoses
650 ## - SUBJECT ADDED ENTRY--TOPICAL TERM
Topical Term Isobutene isoprene rubbers
650 ## - SUBJECT ADDED ENTRY--TOPICAL TERM
Topical Term Latex technology
650 ## - SUBJECT ADDED ENTRY--TOPICAL TERM
Topical Term Mastication
650 ## - SUBJECT ADDED ENTRY--TOPICAL TERM
Topical Term Moulding
650 ## - SUBJECT ADDED ENTRY--TOPICAL TERM
Topical Term Natural rubber
650 ## - SUBJECT ADDED ENTRY--TOPICAL TERM
Topical Term Natural rubber processing
650 ## - SUBJECT ADDED ENTRY--TOPICAL TERM
Topical Term Oil extended natural rubber
650 ## - SUBJECT ADDED ENTRY--TOPICAL TERM
Topical Term Pnematic tyres
650 ## - SUBJECT ADDED ENTRY--TOPICAL TERM
Topical Term Polybutadiene rubbers
650 ## - SUBJECT ADDED ENTRY--TOPICAL TERM
Topical Term Polyisoprene rubbers
650 ## - SUBJECT ADDED ENTRY--TOPICAL TERM
Topical Term Raw rubbers
650 ## - SUBJECT ADDED ENTRY--TOPICAL TERM
Topical Term Reinforcement
650 ## - SUBJECT ADDED ENTRY--TOPICAL TERM
Topical Term Reinforecement
650 ## - SUBJECT ADDED ENTRY--TOPICAL TERM
Topical Term Rubber industry health hazards
650 ## - SUBJECT ADDED ENTRY--TOPICAL TERM
Topical Term Rubber manufacturing techniques
650 ## - SUBJECT ADDED ENTRY--TOPICAL TERM
Topical Term Rubber technology
650 ## - SUBJECT ADDED ENTRY--TOPICAL TERM
Topical Term Rubber test methods
650 ## - SUBJECT ADDED ENTRY--TOPICAL TERM
Topical Term Rubber testing
700 ## - ADDED ENTRY--PERSONAL NAME
Personal name Blow, C M
700 ## - ADDED ENTRY--PERSONAL NAME
Personal name Hepburn, C
942 ## - ADDED ENTRY ELEMENTS (KOHA)
Koha item type Reference
Holdings
Withdrawn status Lost status Damaged status Not for loan Home library Current library Date acquired Full call number Accession Number Koha item type
        RRII Library RRII Library 16/12/2021 NR:62:678.02 BLO;1 17260 Books